[Event "Reykjavik op"]
[Site "Reykjavik"]
[Date "2017.04.24"]
[Round "7"]
[White "Smith, Lynda"]
[Black "Nielsen, Allan"]
[Result "1-0"]
[WhiteElo "1849"]
[BlackElo "1606"]
[PlyCount "57"]
[EventDate "2017.04.19"]
[EventType "swiss"]
[EventRounds "10"]
[EventCountry "ISL"]
[SourceTitle "CBM 178 Extra"]
[Source "ChessBase"]
[SourceDate "2017.06.22"]
[SourceVersion "1"]
[SourceVersionDate "2017.06.22"]
[SourceQuality "1"]

1. e4 e5 2. Nf3 Nc6 3. Bb5 Nf6 4. 0-0 Bd6 5. d4 0-0 6. Bxc6 dxc6 7. dxe5 Nxe4 8. exd6 cxd6 9. Nbd2 Nc5 10. Re1 d5 11. Nb3 Ne4 12. Be3 Bg4 13. h3 Be6 14. Nc5 Nd6 15. Bf4 Qe7 16. Nd4 b6 17. Ncxe6 fxe6 18. Bxd6 Qxd6 19. Qe2 Kh8 20. Qxe6 Qf4 21. Qe3 Qf6 22. c3 c5 23. Nf3 Rad8 24. Qg5 Qd6 25. Re7 Rg8 26. Rae1 Rdf8 27. R1e6 Qd8 28. Ne5 d4 29. Ng6+ 1-0

[Event "FAI-chT3 1617"]
[Site "Faroe Islands"]
[Date "2017.03.05"]
[Round "8.2"]
[White "Nielsen, Allan"]
[Black "Joensen, Hans Petur"]
[Result "1/2-1/2"]
[WhiteElo "1591"]
[BlackElo "1624"]
[PlyCount "41"]
[EventDate "2016.10.23"]
[EventType "team-tourn"]
[EventRounds "9"]
[EventCountry "FAI"]
[SourceTitle "EXT 2020"]
[Source "ChessBase"]
[SourceDate "2019.10.17"]
[SourceVersion "1"]
[SourceVersionDate "2019.10.17"]
[SourceQuality "1"]
[WhiteTeam "Sandavagur IV"]
[BlackTeam "Kollafjordur II"]
[WhiteTeamCountry "FAI"]
[BlackTeamCountry "FAI"]

1. e4 d5 2. exd5 Qxd5 3. Nc3 Qd6 4. Nf3 Bg4 5. Be2 c6 6. 0-0 e6 7. Ne4 Qc7 8. d4 Nd7 9. c3 Ngf6 10. Nxf6+ Nxf6 11. Ne5 Bf5 12. Bd3 Bg6 13. Bf4 Bd6 14. Qf3 Bxd3 15. Nxd3 Bxf4 16. Qxf4 Qxf4 17. Nxf4 0-0-0 18. f3 Rd7 19. b4 Rhd8 20. a4 Nd5 21. Ne2 1/2-1/2

[Event "FAI-chT3 1617"]
[Site "Faroe Islands"]
[Date "2017.01.28"]
[Round "5.2"]
[White "Nielsen, Allan"]
[Black "Poulsen, Poul"]
[Result "0-1"]
[WhiteElo "1591"]
[BlackElo "1606"]
[PlyCount "60"]
[EventDate "2016.10.23"]
[EventType "team-tourn"]
[EventRounds "9"]
[EventCountry "FAI"]
[SourceTitle "EXT 2020"]
[Source "ChessBase"]
[SourceDate "2019.10.17"]
[SourceVersion "1"]
[SourceVersionDate "2019.10.17"]
[SourceQuality "1"]
[WhiteTeam "Sandavagur IV"]
[BlackTeam "Havnin V"]
[WhiteTeamCountry "FAI"]
[BlackTeamCountry "FAI"]

1. e4 e5 2. Nf3 Nc6 3. Bb5 a6 4. Bxc6 dxc6 5. h3 Nf6 6. d3 Qd6 7. 0-0 Be7 8. Re1 0-0 9. Bg5 h6 10. Bh4 Nh5 11. Nxe5 Bxh4 12. Qxh5 Bg5 13. Nc4 Qd4 14. Qf3 b5 15. c3 Qc5 16. d4 Qxc4 17. b4 a5 18. Na3 Qe6 19. d5 Qf6 20. Qxf6 Bxf6 21. e5 Be7 22. dxc6 Ba6 23. Nc2 axb4 24. Nxb4 Bxb4 25. cxb4 Bc8 26. g4 Be6 27. a3 Ra6 28. a4 Rxa4 29. Rxa4 bxa4 30. Re3 Rb8 0-1

[Event "FAI-chT3 1516"]
[Site "Faroe Islands"]
[Date "2016.04.03"]
[Round "6.4"]
[White "Nielsen, Allan"]
[Black "Johannesen, Bardur"]
[Result "1-0"]
[WhiteElo "1619"]
[BlackElo "1486"]
[PlyCount "131"]
[EventDate "2015.10.31"]
[EventType "team-tourn"]
[EventRounds "7"]
[EventCountry "FAI"]
[SourceTitle "EXT 2017"]
[Source "ChessBase"]
[SourceDate "2016.10.25"]
[SourceVersion "1"]
[SourceVersionDate "2016.10.25"]
[SourceQuality "1"]
[WhiteTeam "Sandavagur IV"]
[BlackTeam "Havnin VI"]
[WhiteTeamCountry "FAI"]
[BlackTeamCountry "FAI"]

1. e4 e5 2. Nf3 d6 3. Nc3 Nf6 4. h3 Be7 5. Bc4 c6 6. d4 b5 7. dxe5 bxc4 8. exf6 Bxf6 9. 0-0 0-0 10. Bf4 Bxc3 11. bxc3 d5 12. exd5 cxd5 13. Re1 Nc6 14. Ne5 Nxe5 15. Rxe5 Be6 16. Rg5 Qf6 17. Qd4 Qxd4 18. cxd4 Rab8 19. Bxb8 Rxb8 20. c3 Rb2 21. a4 Rc2 22. Ra3 g6 23. Re5 a5 24. Re1 Rb2 25. Rc1 Kg7 26. Raa1 Bf5 27. Re1 Be6 28. g4 Kf6 29. Kg2 Kg5 30. Kg3 Rc2 31. Ra3 Kf6 32. Rb1 Rd2 33. Rb5 h5 34. Rxa5 Rd3+ 35. f3 h4+ 36. Kf2 Kg5 37. Rb5 Kf4 38. Rb2 Rxf3+ 39. Kg2 Rg3+ 40. Kh2 f5 41. Rf2+ Ke3 42. Raa2 Bd7 43. a5 fxg4 44. hxg4 Bxg4 45. Rg2 Rh3+ 46. Kg1 Bf3 47. Rh2 Rg3+ 48. Kf1 h3 49. a6 Bg2+ 50. Ke1 Bf3 51. Raf2 Rg1+ 52. Rf1 Rxf1+ 53. Kxf1 Bg2+ 54. Rxg2 hxg2+ 55. Kxg2 Kd3 56. a7 Kxc3 57. a8Q Kxd4 58. Kf2 g5 59. Qa7+ Kd3 60. Qe3+ Kc2 61. Qd4 c3 62. Ke2 Kb2 63. Kd1 g4 64. Qb4+ Ka2 65. Kc2 d4 66. Qa4# 1-0

[Event "Klaksvik ST op"]
[Site "Klaksvik"]
[Date "2014.11.29"]
[Round "3"]
[White "Nielsen, Ib"]
[Black "Nielsen, Allan"]
[Result "0-1"]
[WhiteElo "1000"]
[BlackElo "1322"]
[PlyCount "52"]
[EventDate "2014.11.28"]
[EventType "swiss"]
[EventRounds "5"]
[EventCountry "FAI"]
[SourceTitle "CBM 163 Extra"]
[Source "ChessBase"]
[SourceDate "2014.12.23"]
[SourceVersion "1"]
[SourceVersionDate "2014.12.23"]
[SourceQuality "1"]

1. e4 e5 2. Bc4 Nf6 3. Nf3 Bc5 4. Nxe5 0-0 5. 0-0 Nxe4 6. Nd3 d5 7. Nxc5 Nxc5 8. Bd3 Nxd3 9. cxd3 d4 10. b3 Qg5 11. Ba3 c5 12. Qf3 Bd7 13. Qxb7 Bc6 14. Qxc6 Nxc6 15. Bb2 Nb4 16. Na3 Nxd3 17. Bc1 Rae8 18. Nb5 Re1 19. Rxe1 Nxe1 20. g3 Nd3 21. Nxa7 Qe7 22. Nb5 Qe1+ 23. Kg2 Qxf2+ 24. Kh3 Qf5+ 25. Kg2 Ne1+ 26. Kg1 Qf3 0-1